O chybách strednodobých prognóz vývoja ekonomiky Slovenska

Zamyslenie sa nad chybami prognóz. Technické prognózy a ich vplyv. Prognózy s využitím ekonometrických modelov. Problémy modelovania nestacionárnych ekonomických radov.

Salvato in:
Dettagli Bibliografici
Autore principale: Lukáčik, Martin, 1974-
Altri autori: Lukáčiková, Adriana, 1971-, Szomolányi, Karol, 1976-
Natura: Capitolo di libro
Lingua:slovacco
Soggetti:
Tags: Aggiungi Tag
Nessun Tag, puoi essere il primo ad aggiungerne!!

MARC

LEADER 00000naa$a2200000$$$4500
001 0058888
005 20240502071646.3
041 0 |a slo 
044 |a SK 
245 1 0 |a O chybách strednodobých prognóz vývoja ekonomiky Slovenska  |c Martin Lukáčik, Adriana Lukáčiková, Karol Szomolányi 
520 |a Zamyslenie sa nad chybami prognóz. Technické prognózy a ich vplyv. Prognózy s využitím ekonometrických modelov. Problémy modelovania nestacionárnych ekonomických radov. 
610 2 0 |a prognózy 
610 2 0 |a modely ekonometrické 
610 2 0 |a vývoz 
610 2 0 |a dovoz 
610 2 0 |a vývoj hospodársky 
610 2 0 |a analýza technická 
100 1 |a Lukáčik, Martin, 1974- 
700 1 |a Lukáčiková, Adriana, 1971- 
700 1 |a Szomolányi, Karol, 1976-